Web Enabled Commercial Application Development Using HTML,JavaScript,DHTML and PHP (Record no. 5532)

MARC details
000 -LEADER
fixed length control field 00448nam a22001457a 4500
005 - DATE AND TIME OF LATEST TRANSACTION
control field 20170824144731.0
008 - FIXED-LENGTH DATA ELEMENTS--GENERAL INFORMATION
fixed length control field 170824b xxu||||| |||| 00| 0 eng d
020 ## - INTERNATIONAL STANDARD BOOK NUMBER
ISBN 978-81-8333-008-4
041 ## - LANGUAGE CODE
Language code of text/sound track or separate title eng
245 ## - TITLE STATEMENT
Title Web Enabled Commercial Application Development Using HTML,JavaScript,DHTML and PHP
Medium [electronic resource]
250 ## - EDITION STATEMENT
Edition statement 4 th
260 ## - PUBLICATION, DISTRIBUTION, ETC. (IMPRINT)
Place of publication New Delhi
Name of publisher BPB Publication
300 ## - PHYSICAL DESCRIPTION
Number of Pages 1 CD-ROM
Accompanying material Received along with book.
942 ## - ADDED ENTRY ELEMENTS (KOHA)
Koha item type CD/DVD
Holdings
Lost status Damaged status Home library Current library Date acquired Accession Number Koha item type
    JRU Library   30/08/2016 WECAD0001 CD/DVD
    JRU Library   30/08/2016 WECAD0002 CD/DVD
    JRU Library   30/08/2016 WECAD0003 CD/DVD
    JRU Library   30/08/2016 WECAD0004 CD/DVD
    JRU Library   30/08/2016 WECAD0005 CD/DVD